<?xml version="1.0" encoding="UTF-8"?><?xml-stylesheet type="text/xsl" href="static/style.xsl"?><OAI-PMH xmlns="http://www.openarchives.org/OAI/2.0/" xmlns:xsi="http://www.w3.org/2001/XMLSchema-instance" xsi:schemaLocation="http://www.openarchives.org/OAI/2.0/ http://www.openarchives.org/OAI/2.0/OAI-PMH.xsd"><responseDate>2026-04-17T15:57:07Z</responseDate><request verb="GetRecord" identifier="oai:www.recercat.cat:2117/356387" metadataPrefix="marc">https://recercat.cat/oai/request</request><GetRecord><record><header><identifier>oai:recercat.cat:2117/356387</identifier><datestamp>2025-07-22T18:46:40Z</datestamp><setSpec>com_2072_1033</setSpec><setSpec>col_2072_452951</setSpec></header><metadata><record xmlns="http://www.loc.gov/MARC21/slim" xmlns:dcterms="http://purl.org/dc/terms/" xmlns:xsi="http://www.w3.org/2001/XMLSchema-instance" xmlns:doc="http://www.lyncode.com/xoai" xsi:schemaLocation="http://www.loc.gov/MARC21/slim http://www.loc.gov/standards/marcxml/schema/MARC21slim.xsd">
   <leader>00925njm 22002777a 4500</leader>
   <datafield ind2=" " ind1=" " tag="042">
      <subfield code="a">dc</subfield>
   </datafield>
   <datafield ind2=" " ind1=" " tag="720">
      <subfield code="a">Franquet Molina, Carles</subfield>
      <subfield code="e">author</subfield>
   </datafield>
   <datafield ind2=" " ind1=" " tag="260">
      <subfield code="c">2021-10-27</subfield>
   </datafield>
   <datafield ind2=" " ind1=" " tag="520">
      <subfield code="a">El present document té com objectiu estudiar els actuals mètodes de &#xd;
fabricació referent a la producció de taules de fingerboard, materials i &#xd;
processos, a fi d’implementar millores automatitzant o semi-automatitzant &#xd;
tasques. &#xd;
Junt amb aquest estudi previ, es proposarà el disseny d’una matriu que &#xd;
serà capaç d’augmentar significativament la producció diària de taules. Així &#xd;
doncs, es generarà un nou layout i una metodologia de treball per portar a &#xd;
terme els diferents passos per a la fabricació d’aquest producte. &#xd;
El criteri per al disseny d’aquests processos ha sigut arribar a fabricar &#xd;
taules de fingerboard tot mantenint els estàndards actuals, i es millorarà &#xd;
l’eficiència dels processos, augmentant la producció i reduint possibles &#xd;
falles de qualitat que existeixen en els actuals processos. &#xd;
Per finalitzar es veurà un anàlisis de la viabilitat del projecte en termes &#xd;
econòmics i d’empresa, estudiant el cost d’inversió mínima en maquinària, &#xd;
cost de la matèria primera, cost unitari de taula i es compararà amb els &#xd;
estàndards de fabricació actuals.</subfield>
   </datafield>
   <datafield ind2=" " ind1=" " tag="520">
      <subfield code="a">The objective of this document is to study current manufacturing methods regarding the production of fingerboard decks, their materials and processes, in order to implement improvements by automating or semi-automating tasks. Together with this previous study, the design of a die will be seen that will be able to significantly increase the daily production of decks, also a new layout and work methodology will be generated to carry out the different steps for the manufacture of this product. The criteria for the design of these processes have been to manufacture fingerboards fulfilling the current standards, improving efficiency of the processes, increasing production and reducing possible quality failures that exist in current processes. Finally, an analysis of the feasibility of the project in economic and business terms will be seen, studying the cost of minimum investment in machinery, cost of raw material, unit cost for decks and comparison with current manufacturing standards.</subfield>
   </datafield>
   <datafield tag="653" ind2=" " ind1=" ">
      <subfield code="a">Àrees temàtiques de la UPC::Arquitectura::Disseny::Disseny industrial</subfield>
   </datafield>
   <datafield tag="653" ind2=" " ind1=" ">
      <subfield code="a">Àrees temàtiques de la UPC::Economia i organització d'empreses::Direcció d’operacions::Anàlisi de processos de negoci i de fabricació</subfield>
   </datafield>
   <datafield tag="653" ind2=" " ind1=" ">
      <subfield code="a">Industrial design</subfield>
   </datafield>
   <datafield tag="653" ind2=" " ind1=" ">
      <subfield code="a">Industrial organization</subfield>
   </datafield>
   <datafield tag="653" ind2=" " ind1=" ">
      <subfield code="a">Fingerboard</subfield>
   </datafield>
   <datafield tag="653" ind2=" " ind1=" ">
      <subfield code="a">Design thinking</subfield>
   </datafield>
   <datafield tag="653" ind2=" " ind1=" ">
      <subfield code="a">Optimització</subfield>
   </datafield>
   <datafield tag="653" ind2=" " ind1=" ">
      <subfield code="a">Metodologia</subfield>
   </datafield>
   <datafield tag="653" ind2=" " ind1=" ">
      <subfield code="a">Qualitat</subfield>
   </datafield>
   <datafield tag="653" ind2=" " ind1=" ">
      <subfield code="a">Millora</subfield>
   </datafield>
   <datafield tag="653" ind2=" " ind1=" ">
      <subfield code="a">Optimization</subfield>
   </datafield>
   <datafield tag="653" ind2=" " ind1=" ">
      <subfield code="a">Methodology</subfield>
   </datafield>
   <datafield tag="653" ind2=" " ind1=" ">
      <subfield code="a">Quality</subfield>
   </datafield>
   <datafield tag="653" ind2=" " ind1=" ">
      <subfield code="a">Improvement</subfield>
   </datafield>
   <datafield tag="653" ind2=" " ind1=" ">
      <subfield code="a">Optimització industrial</subfield>
   </datafield>
   <datafield tag="653" ind2=" " ind1=" ">
      <subfield code="a">Disseny industrial</subfield>
   </datafield>
   <datafield ind2="0" ind1="0" tag="245">
      <subfield code="a">Optimització de la fabricació de taules de fingerboard</subfield>
   </datafield>
</record></metadata></record></GetRecord></OAI-PMH>